Daily Capital City Riddle #97 - Statistics

General Stats
  • This quiz has been taken 35 times
  • The average score is 29 of 39
Answer Stats
Type Answer % Correct
Alphabet Letter A
100%
Alphabet Letter S
100%
Alphabet Letter C
96%
Alphabet Letter D
96%
Found Letter E
96%
Alphabet Letter G
96%
Found Letter I
96%
Found Letter N
96%
Found Letter O
96%
Alphabet Letter R
96%
Found Letter T
96%
Alphabet Letter U
96%
Alphabet Letter H
92%
Found Letter B
88%
Found Letter M
88%
Found Letter L
85%
Alphabet Letter P
81%
Alphabet Letter V
81%
Alphabet Letter W
81%
Correctly Placed Letter B
77%
Alphabet Letter K
77%
Alphabet Letter Y
73%
Correctly Placed Letter N
69%
Correctly Placed Letter T
69%
Alphabet Letter J
65%
Correctly Placed Letter E
62%
Correctly Placed Letter O
62%
Alphabet Letter Z
62%
Correctly Placed Letter E
58%
Alphabet Letter Q
58%
Alphabet Letter X
58%
Found Letter F
54%
Correctly Placed Letter I
50%
Correctly Placed Letter L
50%
Correctly Placed Letter M
50%
Mystery Capital Bloemfontein
46%
Correctly Placed Letter F
46%
Correctly Placed Letter N
46%
Correctly Placed Letter O
46%
No matching quizzes found
Score Distribution
Percent of People with Each Score
Percentile by Number Answered
Your Score History
You have not taken this quiz